Ley de riesgos del trabajo : reforma Ley 26.773 /

Guardado en:
Otros Autores: Parada, Ricardo Antonio, (comp.), Errecaborde, José Daniel, (comp.), Cañada, Francisco Roberto, (comp.)
Formato: Libro
Idioma:Spanish
Publicado: Buenos Aires : Erreius, 2012.
Edición:1a. ed.
Materias:
Etiquetas: Agregar Etiqueta
Sin Etiquetas, Sea el primero en etiquetar este registro!
LEADER 00662nam a22002055a 4500
001 DER.der012512
008 180615s2012####|||||||||||||||||#||spa||
005 20250210125730.0
245 1 0 |a Ley de riesgos del trabajo :  |b reforma Ley 26.773 /  |c Argentina. 
250 |a 1a. ed. 
260 |a Buenos Aires :  |b Erreius,  |c 2012. 
300 |a 384 p. 
500 |a Comentarios y análisis doctrinario. 
020 |a 9789870114505 
240 1 0 |a Argentina - Leyes 
700 1 |a Parada, Ricardo Antonio,  |e comp. 
700 1 |a Errecaborde, José Daniel,  |e comp. 
700 1 |a Cañada, Francisco Roberto,  |e comp. 
650 7 |a DERECHO LABORAL 
859 |a DERECHO  |b BIB. DERECHO  |h 344  |i ARG  |p 007340